000 01055nam a2200241 a 4500
005 20180803165228.0
008 090902s2004 ck a gr f00010 spa d
020 _a9589754864
040 _aCO-BoBLA
_cCO-BoBLA
_dCO-BoIAVH
041 0 _aspa
044 _ack
082 0 4 _a304.6072
_bC71m
110 1 _aColombia
_bMinisterio de Ambiente, Vivienda y Desarrollo Territorial
245 1 0 _aMetodología para el anáisis de tensiones, interacciones y balances en dinámicas y desarrollo poblacionales, ambientales, sociales y económicos. /
_cMinisterio de Ambiente, Vivienda y Desarrollo Territorial.
260 _aBogotá :
_bMinisterio de Ambiente,
_c2004.
300 _a58 páginas :
_bilustraciones ;
_c28 x 21 cm.
504 _aIncluye referencias bibliográficas.
650 2 6 _aDinámica de la poblaciones
_xDesarrollo
_zColombia
650 2 6 _aPoblación
_xAspectos sociales
_zColombia
650 2 4 _aAnálisis demográfico
_xMetodología
_zColombia
700 1 _aArango, Magdalena
_eeditora
942 _2ddc
_cLIBRO
999 _c4889
_d4889